[Event "Mlada Boleslav Region-ch U14"]
[Site "Mlada Boleslav"]
[Date "2017.06.25"]
[Round "6"]
[White "Jirousek, Simon"]
[Black "Bartos, Vaclav2222"]
[Result "0-1"]
[WhiteElo "1427"]
[BlackElo "1371"]
[PlyCount "43"]
[EventDate "2017.06.24"]
[EventType "swiss"]
[EventRounds "7"]
[EventCountry "CZE"]
[SourceTitle "CBM 179 Extra"]
[Source "ChessBase"]
[SourceDate "2017.08.23"]
[SourceVersion "1"]
[SourceVersionDate "2017.08.23"]
[SourceQuality "1"]

1. e4 c5 2. Nf3 e6 3. d4 cxd4 4. Nxd4 Nf6 5. Nc3 Nc6 6. Be3 Bb4 7. Nxc6 bxc6 8. Bd3 d5 9. exd5 cxd5 10. Bb5+ Bd7 11. Bxd7+ Qxd7 12. 0-0 0-0 13. Ne2 Rfc8 14. Ng3 Rab8 15. c3 Bf8 16. Rb1 g6 17. Bf4 Bd6 18. Be3 Rb7 19. h4 h5 20. Bg5 Be7 21. Qf3 Ng4 22. Qd3 0-1

[Event "Mlada Boleslav Region-ch U14"]
[Site "Mlada Boleslav"]
[Date "2017.06.25"]
[Round "5"]
[White "Pravda, Petr"]
[Black "Jirousek, Simon"]
[Result "0-1"]
[WhiteElo "1261"]
[BlackElo "1427"]
[PlyCount "49"]
[EventDate "2017.06.24"]
[EventType "swiss"]
[EventRounds "7"]
[EventCountry "CZE"]
[SourceTitle "CBM 179 Extra"]
[Source "ChessBase"]
[SourceDate "2017.08.23"]
[SourceVersion "1"]
[SourceVersionDate "2017.08.23"]
[SourceQuality "1"]

1. e4 c5 2. Nf3 Nc6 3. Nc3 a6 4. d4 cxd4 5. Nxd4 Nf6 6. Nxc6 bxc6 7. e5 Nd5 8. Nxd5 cxd5 9. Qxd5 Ra7 10. Be3 e6 11. Qd2 Rc7 12. Bb6 Be7 13. Bxc7 Qxc7 14. Qc3 Qb7 15. 0-0-0 f6 16. Rg1 0-0 17. exf6 Bxf6 18. Qb3 Qa7 19. Qe3 Qxe3+ 20. fxe3 Bg5 21. Rd3 a5 22. Kb1 Ba6 23. Rd1 Bc8 24. Bd3 Bxe3 25. Rgf1 0-1